000 00362nam a2200121 a 4500
001 000035108
005 20200930074117.0
008 111025s1948 000 spa d
245 0 _aTesauro de datos históricos.
260 _aSan Juan, Puerto Rico,
_c1948.
590 _aPerteneció a la biblioteca personal de Juan Isidro Jimenes Grullón.
999 _c34599
_d34599
040 _aDO-SdBNP